[Event "Aguascalientes 8th"]
[Site "Aguascalientes"]
[Date "2010.04.17"]
[Round "2"]
[White "Bustamante Cruz, Ivan"]
[Black "Castillo Bermudez, Orlando"]
[Result "0-1"]
[WhiteElo "1526"]
[BlackElo "1600"]
[PlyCount "124"]
[EventDate "2010.04.17"]
[EventType "tourn"]
[EventRounds "9"]
[EventCountry "MEX"]
[SourceTitle "EXT 2024"]
[Source "ChessBase"]
[SourceDate "2023.10.10"]
[SourceVersion "1"]
[SourceVersionDate "2023.10.10"]
[SourceQuality "1"]

1. e4 c5 2. Nc3 d6 3. Be2 Nf6 4. d3 Nc6 5. Nf3 e6 6. Bg5 Be7 7. 0-0 0-0 8. d4 cxd4 9. Nxd4 d5 10. exd5 Nxd5 11. Bxe7 Ncxe7 12. Nxd5 Nxd5 13. Nb3 Qc7 14. Qd2 b6 15. Bf3 Bb7 16. Rac1 Rfd8 17. Qg5 h6 18. Qg3 Nf4 19. Rfe1 Bxf3 20. Qxf3 Nd5 21. c3 a5 22. Nd4 Rac8 23. a3 Qc5 24. Rc2 Qc7 25. Rec1 e5 26. Ne2 Qc4 27. Ng3 Rc6 28. Qe4 Qxe4 29. Nxe4 f5 30. Ng3 f4 31. Ne4 Rc4 32. f3 Ne3 33. Rd2 Rxd2 34. Nxd2 Rc6 35. Ne4 Rg6 36. g3 Re6 37. Re1 Re8 38. Re2 Rd8 39. Rd2 Rxd2 40. Nxd2 b5 41. b4 a4 42. Kf2 Nd1+ 43. Kg2 Nxc3 44. gxf4 exf4 45. Kh3 Kf8 46. Kg4 g5 47. h4 gxh4 48. Kxh4 Kg7 49. Kg4 Nd5 50. Kh5 Nf6+ 51. Kh4 Kg6 52. Nf1 h5 53. Nd2 Nd5 54. Ne4 Kh6 55. Kh3 Nc7 56. Kh4 Ne6 57. Nf6 Nd4 58. Nxh5 Nxf3+ 59. Kg4 Ne5+ 60. Kh4 Nc6 61. Nxf4 Nxb4 62. axb4 a3 0-1

[Event "Aguascalientes 8th"]
[Site "Aguascalientes"]
[Date "2010.04.17"]
[Round "3"]
[White "Castillo Bermudez, Orlando"]
[Black "Vargas, Jose Luis"]
[Result "0-1"]
[WhiteElo "1600"]
[BlackElo "1702"]
[PlyCount "48"]
[EventDate "2010.04.17"]
[EventType "tourn"]
[EventRounds "9"]
[EventCountry "MEX"]
[SourceTitle "EXT 2024"]
[Source "ChessBase"]
[SourceDate "2023.10.10"]
[SourceVersion "1"]
[SourceVersionDate "2023.10.10"]
[SourceQuality "1"]

1. d4 Nf6 2. c4 c6 3. d5 g6 4. Nc3 Bg7 5. Bf4 Qb6 6. Qd2 0-0 7. d6 e5 8. Be3 Qa6 9. Nf3 Ng4 10. c5 b5 11. h3 Nxe3 12. Qxe3 b4 13. Ne4 f5 14. Qb3+ Kh8 15. Neg5 h6 16. Nf7+ Kh7 17. N7xe5 Qa5 18. Nc4 Qxc5 19. Rc1 Ba6 20. Nfd2 Bb5 21. Rc2 a5 22. Nxa5 Qxd6 23. Ndc4 Qe7 24. Rd2 d5 0-1